Fundamentals of investment management /

Guardado en:
Autor Principal: Hirt, Geoffrey A.
Otros Autores: Block, Stanley B.
Formato: Libro
Idioma:English
Publicado: Boston : McGraw-Hill/Irwin, c1999.
Edición:6th ed.
Series:The IRWIN/McGraw-Hill series in finance, insurance and real estate.
Materias:
Etiquetas: Agregar Etiqueta
Sin Etiquetas, Sea el primero en etiquetar este registro!
LEADER 01304nam a22003375 4500
001 EAD.ead002513
008 080718s1999####mau######b####001#0#eng#d
005 20101115172641.0
245 1 0 |a Fundamentals of investment management /  |c Geoffrey A. Hirt, Stanley B. Block. 
250 |a 6th ed. 
260 |a Boston :  |b McGraw-Hill/Irwin,  |c c1999. 
300 |a xxviii, 708 p. ;  |c 24 cm. +  |e 1 CD-ROM. 
490 1 |a The IRWIN/McGraw-Hill series in finance, insurance and real estate 
500 |a "The Wall Street Journal Edition"--Tapa. 
504 |a Incluye referencias bibliográficas, glosario e índice. 
020 |a 0072283521 
020 |a 0072281154 (Wall Street Journal edition) 
100 1 |a Hirt, Geoffrey A. 
700 1 |a Block, Stanley B. 
830 0 |a The IRWIN/McGraw-Hill series in finance, insurance and real estate. 
082 0 4 |a 332.6  |2 21 
650 7 |a Inversiones.  |2 unbist 
650 7 |a Valoración financiera.  |2 isoc 
650 7 |a Títulos bursátiles.  |2 isoc 
650 7 |a Apalancamiento financiero.  |2 isoc 
650 7 |a Opciones.  |2 isoc 
650 7 |a Futuros financieros.  |2 isoc 
650 7 |a Propiedades.  |2 unbist 
650 7 |a Inversiones de cartera extranjeras.  |2 unbist 
650 7 |a Mercados de capital.  |2 unbist 
859 |a AR-BaBDC  |b BIB. ADMINISTRACION - Libros  |h 332.6  |i H618a6  |p b04410